Tregedy (Record no. 33420)
[ view plain ]
| 000 -LEADER | |
|---|---|
| fixed length control field | 00641nam a2200145Ia 4500 |
| 008 - FIXED-LENGTH DATA ELEMENTS--GENERAL INFORMATION | |
| fixed length control field | 210323s9999||||xx |||||||||||||| ||und|| |
| 040 ## - CATALOGING SOURCE | |
| Transcribing agency | STCPL |
| 082 ## - DEWEY DECIMAL CLASSIFICATION NUMBER | |
| Classification number | 822.09 |
| Item number | LUC-T |
| 245 #0 - TITLE STATEMENT | |
| Title | Tregedy |
| 260 ## - PUBLICATION, DISTRIBUTION, ETC. | |
| Place of publication, distribution, etc. | London |
| Name of publisher, distributor, etc. | Collier Books, |
| Date of publication, distribution, etc. | 1962 |
| 300 ## - PHYSICAL DESCRIPTION | |
| Extent | P- 160 18 CM |
| 650 ## - SUBJECT ADDED ENTRY--TOPICAL TERM | |
| Topical term or geographic name entry element | Generalരാഷ്ട്ര നീതിജ്ഞനായ ഗാന്ധീ, ഗാന്ധിജിക്കു മുമ്പ് ഭാരതത്തിന്റെ രാഷ്ട്രീയം, വിപ്ലവകാരിയായ ഗാന്ധി, യുദ്ധ വിശാരദനായ ബാപു |
| 942 ## - ADDED ENTRY ELEMENTS (KOHA) | |
| Koha item type | Books |
| 041 ## - LANGUAGE CODE | |
| Language code of original | English |
| Withdrawn status | Lost status | Damaged status | Not for loan | Home library | Current library | Shelving location | Date acquired | Total Checkouts | Full call number | Barcode | Date last seen | Price effective from | Koha item type |
|---|---|---|---|---|---|---|---|---|---|---|---|---|---|
| ST. THOMAS COLLEGE LIBRARY, PALAI | ST. THOMAS COLLEGE LIBRARY, PALAI | 2021-07-10 | 822.09 LUC-T | 51285 | 2021-07-10 | 2021-07-10 | Books |
